000 00394pam a2200157a 44500
008 230515b1999 xxu||||| |||| 00| 0 eng d
020 _aNULL
041 _aENG
082 _aNULL
100 _aB. C. L.
245 _a"BRITISH EDUCATION GUIDE SOUTH ASIA ED. 1999, THE ESSENTIAL GUIDE TO STUDYING IN THE UK"
250 _a0
260 _aNULL
_bNULL
_c1999
300 _a216
650 _aNULL
999 _c475690
_d475690